| 000 | 00397nam a2200157Ia 4500 | ||
|---|---|---|---|
| 008 | 221030s9999 xx 000 0 und d | ||
| 020 | _a8122408818 | ||
| 041 | _aEnglish | ||
| 082 |
_a105.23 _bCha |
||
| 100 | _aR. Chatterjee | ||
| 245 | 0 |
_aAntenna : Theory & Practice _cby R. Chatterjee |
|
| 260 |
_bNew Age International Pub. _aNew Delhi _c2000 |
||
| 300 | _a381 | ||
| 650 | _aECE | ||
| 942 | _cBK | ||
| 999 |
_c6621 _d6621 |
||